00381nam a2200145Ia 450000500170000000800460001703700120006304000200007504100130009508400190010810000210012724500200014826000580016830000090022620250508162444.0008 250505s9999 xx 000 0 eng d aTextual aFEDLbengcFEDL aeng2eng a040, GHOqFEDL aGhose Sisirkumar 0aLost dimensions aNew Delhi, IndiabBiblia Impex Private Limited c1982 a247p